000
00325 a2200145 4500
999
_c
12178
_d
12178
003
OSt
005
20231223165044.0
008
231223b ||||| |||| 00| 0 eng d
020
_a
9789812459695
082
_a
720
100
_a
Pageone
245
_a
Modern Architecture in Thailand : 002
260
_b
Pageone
942
_2
ddc